[Event "SB-2012-0-00249"]
[Site "LSS email"]
[Date "2012.09.05"]
[Round "?"]
[White "Mevlid, Muersel"]
[Black "Schulz, Hans Juergen"]
[Result "0-1"]
[WhiteElo "1861"]
[BlackElo "1709"]
[PlyCount "32"]
[EventDate "2012.08.22"]
[EventType "tourn (corr)"]
[EventRounds "6"]
[EventCountry "GER"]
[SourceTitle "Corr 2015"]
[Source "ChessBase"]
[SourceDate "2015.07.17"]
[SourceVersion "1"]
[SourceVersionDate "2015.07.17"]
[SourceQuality "1"]

1. d4 Nf6 2. Nf3 g6 3. g3 Bg7 4. Bg2 0-0 5. 0-0 d6 6. c4 Nc6 7. Nc3 a6 8. d5 Na5 9. Nd2 c5 10. Rb1 Rb8 11. b4 cxb4 12. Rxb4 Bd7 13. Nde4 Nxe4 14. Nxe4 Rc8 15. Bg5 Rxc4 16. Rxc4 Nxc4 0-1

[Event "OP-2012-0-02369"]
[Site "LSS email"]
[Date "2012.08.22"]
[Round "?"]
[White "Vontina, Maria"]
[Black "Mevlid, Muersel"]
[Result "0-1"]
[WhiteElo "821"]
[BlackElo "1861"]
[PlyCount "38"]
[EventDate "2012.08.18"]
[EventType "tourn (corr)"]
[EventRounds "4"]
[EventCountry "GER"]
[SourceTitle "Corr 2015"]
[Source "ChessBase"]
[SourceDate "2015.07.17"]
[SourceVersion "1"]
[SourceVersionDate "2015.07.17"]
[SourceQuality "1"]

1. e4 e5 2. Nf3 Nc6 3. Bb5 a6 4. Ba4 Nf6 5. 0-0 Be7 6. Re1 b5 7. Bb3 0-0 8. c3 d5 9. exd5 Nxd5 10. Nxe5 Nxe5 11. Rxe5 c6 12. d4 Bd6 13. Re1 Qh4 14. g3 Qh3 15. Be3 Bg4 16. Qd3 f5 17. Nd2 f4 18. Bxf4 Rxf4 19. gxf4 Qxd3 0-1